| 000 | 00680cam a2200217 4500 | ||
|---|---|---|---|
| 001 | BIIH003557 | ||
| 008 | 1994 spa | ||
| 020 | _a968-496-276-2 | ||
| 035 | _aBIIH003557 | ||
| 050 | 4 |
_aHD7287 _bB84 1994 |
|
| 100 | 1 | _aBueno Castellano, Carmen | |
| 245 | 0 |
_aFlor de andamio : Los oficios de la construccion de vivienda en la Ciudad de Mexico / _cCarmen Buenos Castellanos. |
|
| 260 |
_aMéxico : _bCIESAS, _c1994 |
||
| 300 |
_a171 p. ; _c21 cm. |
||
| 500 | _a1 ejemplar | ||
| 504 | _aBibliografia: p. 165-171 | ||
| 504 | _aIncluye apendice | ||
| 650 | 4 |
_aCasas _xConstruccion _xMexico (Ciudad) |
|
| 650 | 4 |
_aHabilidad _xPruebas |
|
| 942 |
_2lcc _cLIB |
||
| 999 |
_c67038 _d67038 |
||